| 000 | 00407nam a2200133Ia 4500 | ||
|---|---|---|---|
| 008 | 210430s9999 xx 000 0 und d | ||
| 020 | _a9788130931432 | ||
| 082 | _a530.427 D121T | ||
| 100 |
_aDadashev, R.Kh. _954853 |
||
| 245 |
_aThermodynamics of Surface Phenomena _cDadashev, R.Kh. |
||
| 260 |
_aCambridge, UK. _bCambridge International Science Publishing. _c2015 |
||
| 300 | _a279p. | ||
| 942 |
_cREF _2ddc |
||
| 999 |
_c565738 _d565738 |
||